000 01066nam a22002297a 4500
005 20240530110444.0
008 150427s2011 ua abk g b 000 0 ara d
017 _a2011/5617
_bمصر . دار الكتب المصرية
020 _a9789774218428
040 _aEG-CaGPL
082 0 4 _221
_a305.8
_bق/ع ص
100 0 _aعبدالعزيز راغب شاهين
245 1 2 _aالصراع القبلى و السياسى فى مجتمعات حوض النيل :
_bاتجاهات نظرية و منهجية و دراسات تطبيقية /
_cعبدالعزيز راغب شاهين
260 _aالقاهرة :
_bالهيئة المصرية العامة للكتاب ،
_c2011 .
300 _a319 ص :
_bايض ؛
_c24 سم .
504 _aيشتمل على ارجاعات ببليوجرافية
650 0 4 _aحوض النيل
_xصراعات
650 0 4 _aالعالم العربى
_xالاحوال الاجتماعية
650 0 4 _aالعالم العربى
_xالاحوال السياسية
942 _2ddc
_cBK
999 _c61120
_d61120